000 006090000a22002050004500
020 _a1-928980-05-8
041 0 _aSPA
082 0 4 _aG 232 O971g
100 1 _aOwen, John (1616-1683)
245 1 0 _aLa gloria de Cristo / John Owen ; Omar Ibáñez Negrete, Thomas R. Montgomery, Traductores
260 _aUSA : Faro de Gracia
300 _a92 Pag
500 _aTitulo original : The glory of Christ
650 1 4 _aJESUCRISTO - PRIMERAS OBRAS - HASTA 1800
001 7451
942 _cBK
999 _c37664
_d37664
336 _atexto
_btxt
_2rdacontent
337 _2rdamedia
_asin mediación
_bn
338 _2rdacarrier
_avolumen
_bnc